000 004810000a22001690004500
003 MACL
005 20160803131139.0
008 160803b xxu||||| |||| 00| 0 eng d
040 _aMACL
_cMACL
041 _aEnglish
082 _a934 KAV
100 _aKaviraja, Gopi Natha
_923533
245 _aThe princess of Wales Sarasrati Bhavana Sudies
_cGopi Nath Kaviraja
260 _bGovernment Sanskrit Library
_c1929
_aBenaras
650 _aHistory
_966017
942 _cBK
_k954/kav
_2ddc
999 _c34426
_d34426